|
|
|
|
| LEADER |
00000nam0a2200000 4500 |
| 001 |
123663 |
| 005 |
20231101215823.0 |
| 020 |
|
|
|a RU
|b 85-15204
|
| 035 |
|
|
|a (RuTPU)RU\TPU\book\133849
|
| 090 |
|
|
|a 123663
|
| 100 |
|
|
|a 20071023d1985 km a0rusy5003 ca
|
| 101 |
0 |
|
|a rus
|
| 102 |
|
|
|a RU
|
| 105 |
|
|
|a a z 001zy
|
| 200 |
1 |
|
|a Пленочные термоэлементы: физика и применение
|f Всесоюзный научно-исследовательский институт источников тока ; под ред. Н. С. Лидоренко
|
| 210 |
|
|
|a Москва
|c Наука
|d 1985
|
| 215 |
|
|
|a 232 с.
|c ил.
|
| 610 |
1 |
|
|a пленочные термоэлементы
|
| 610 |
1 |
|
|a физика
|
| 610 |
1 |
|
|a применение
|
| 610 |
1 |
|
|a термоэлектрические приборы
|
| 610 |
1 |
|
|a производство
|
| 610 |
1 |
|
|a материалы
|
| 610 |
1 |
|
|a полупроводниковые пленки
|
| 675 |
|
|
|a 621.362
|v 3
|
| 702 |
|
1 |
|a Лидоренко
|b Н. С.
|g Николай Степанович
|4 340
|
| 712 |
0 |
2 |
|a Всесоюзный научно-исследовательский институт источников тока
|2 stltpush
|3 (RuTPU)RU\TPU\col\12419
|9 25383
|
| 801 |
|
0 |
|a RU
|b RuMRKP
|c 19950704
|g psbo
|
| 801 |
|
1 |
|a RU
|b 63413507
|c 20071023
|g PSBO
|
| 801 |
|
2 |
|a RU
|b 63413507
|c 20080924
|g PSBO
|
| 942 |
|
|
|c BK
|